[Event "9th Sunway Sitges 2022"]
[Site "Sitges ESP"]
[Date "2022.12.17"]
[Round "6.53"]
[White "Mamedov, Edgar"]
[Black "Bournel, Antoine"]
[Result "0-1"]
[WhiteTitle "FM"]
[BlackTitle "IM"]
[WhiteElo "2283"]
[BlackElo "2392"]
[WhiteFideId "13739980"]
[BlackFideId "26093553"]
[EventDate "2022.12.12"]

1. Nf3 d5 2. d4 Nf6 3. e3 c5 4. dxc5 e6 5. a3 Bxc5 6. b4 Bd6 7. Bb2 O-O 8. Nbd2
a5 9. b5 Nbd7 10. c4 a4 11. Be2 Qe7 12. cxd5 exd5 13. O-O Nc5 14. Nd4 Bd7 15.
N2f3 Nce4 16. Bd3 Rfe8 17. Ne2 Ng4 18. h3 Ngxf2 19. Rxf2 Nxf2 20. Kxf2 Qxe3+ 21.
Kf1 Bxh3 22. Ned4 Bg4 23. Bc1 Qe7 24. Ra2 h6 25. Nf5 Bxf5 26. Bxf5 Bg3 27. Bb2
Qe3 28. Bd4 Qf4 29. Bd3 Re1+ 30. Qxe1 Bxe1 31. Kxe1 g5 32. Kf2 g4 33. Be5 Qc1
34. Ra1 Qc5+ 35. Bd4 Qd6 36. Ne5 Re8 37. Rc1 Rxe5 38. Rc8+ Kg7 39. b6 f6 40. Bc5
Rf5+ 41. Bxf5 Qf4+ 42. Ke1 Qxf5 43. Rc7+ Kg6 44. Rxb7 Qe4+ 45. Kd2 Qxg2+ 46. Kd3
Qf3+ 47. Kd2 Qg2+ 48. Kd3 Qe4+ 49. Kd2 Qf4+ 50. Kd1 d4 51. Rc7 g3 52. Bf8 g2 53.
Rg7+ Kf5 54. b7 Qf3+ 55. Kd2 Qxb7 0-1

[Event "9th Sunway Sitges 2022"]
[Site "Sitges ESP"]
[Date "2022.12.17"]
[Round "6.54"]
[White "Dionisi, Thomas"]
[Black "Vaibhav, Jayant Raut"]
[Result "1-0"]
[WhiteTitle "IM"]
[BlackTitle "CM"]
[WhiteElo "2390"]
[BlackElo "2247"]
[WhiteFideId "651893"]
[BlackFideId "5089034"]
[EventDate "2022.12.12"]

1. e4 c5 2. Nf3 Nc6 3. Bb5 g6 4. Bxc6 dxc6 5. d3 Bg7 6. h3 Nf6 7. Nc3 O-O 8. Be3
b6 9. Qd2 e5 10. O-O Ne8 11. Nh2 Nc7 12. f4 exf4 13. Bxf4 c4 14. Bh6 Qd4+ 15.
Kh1 cxd3 16. cxd3 c5 17. Bxg7 Qxg7 18. Rf2 Be6 19. Raf1 f5 20. Qe3 fxe4 21. dxe4
Rxf2 22. Rxf2 Rf8 23. Nf3 Qf6 24. Kh2 Qf4+ 25. Qxf4 Rxf4 26. Rd2 Rf8 27. Kg3 Re8
28. Kf4 Kg7 29. Ke5 Bf7+ 30. Kf4 Be6 31. Rd6 Re7 32. h4 h6 33. Ne5 Bf7 34. Nf3
Ne6+ 35. Ke3 Nc7 36. a3 Bc4 37. Kf4 Ne6+ 38. Ke3 Nc7 39. g4 Be6 40. g5 hxg5 41.
Nxg5 Bc4 42. Kf4 Ne8 43. Rd8 Nf6 44. Rd2 Nh5+ 45. Kf3 Nf6 46. Ke3 Ng4+ 47. Kf4
Ne5 48. Nd5 Re8 49. Ne3 Bd3 50. Ng4 Nxg4 51. Rxd3 Nf6 52. Rd6 Re7 53. e5 Nh5+
54. Ke4 Ng3+ 55. Kd5 Nh5 56. Ke4 Ng3+ 57. Kd5 Nf5 58. Rd8 Nxh4 59. e6 Nf5 60.
Ke5 Nd4 61. Rd7 Nf5 62. Rd3 c4 63. Rh3 Nh6 64. a4 a6 65. Rf3 Nf5 66. Rh3 Nh6 67.
Rh1 b5 68. a5 b4 69. Rc1 c3 70. bxc3 Rc7 71. Ne4 Nf5 72. c4 b3 73. c5 b2 74. Rb1
Ne3 75. Kd4 Nf5+ 76. Kc4 Ne3+ 77. Kd3 Nd5 78. Rxb2 Nf4+ 79. Kd4 Nxe6+ 80. Kd5
Nd8 81. Kd6 Rb7 82. Rb6 Rf7 83. c6 Nxc6 84. Kxc6 Rf4 85. Nc5 Rf1 86. Rxa6 g5 87.
Rb6 g4 88. Rb4 Rf6+ 89. Kb5 g3 90. Rg4+ Rg6 91. Rxg6+ Kxg6 92. Nd3 Kf5 93. Ne1
Kf4 94. a6 Ke3 95. a7 Kf2 96. a8=Q Kxe1 97. Qg2 1-0

[Event "9th Sunway Sitges 2022"]
[Site "Sitges ESP"]
[Date "2022.12.17"]
[Round "6.55"]
[White "Sattarov, Bobir"]
[Black "Lever, Erwan"]
[Result "1-0"]
[WhiteTitle "IM"]
[WhiteElo "2389"]
[BlackElo "2241"]
[WhiteFideId "14203081"]
[BlackFideId "20640099"]
[EventDate "2022.12.12"]

1. e4 c5 2. Nf3 e6 3. d4 cxd4 4. Nxd4 Nf6 5. Nc3 Nc6 6. g3 a6 7. Bg2 Qc7 8. O-O
Nxd4 9. Qxd4 Bc5 10. Bf4 d6 11. Qd3 Ng4 12. Na4 Ne5 13. Qc3 f6 14. Be3 Bd7 15.
Nxc5 dxc5 16. Bxc5 Bb5 17. Rfe1 Rc8 18. Bd4 Qd7 19. Qd2 Nc4 20. Qd1 O-O 21. b3
Ne5 22. c4 Bc6 23. Bxe5 Qxd1 24. Raxd1 fxe5 25. Rd6 Rcd8 26. Red1 Rxd6 27. Rxd6
Kf7 28. h4 Ke7 29. Rd2 h6 30. Kf1 a5 31. Ke2 b6 32. Ke3 g5 33. hxg5 hxg5 34. Rd1
Rh8 35. a3 Rh2 36. Bf3 Rh8 37. Rh1 Rxh1 38. Bxh1 Be8 39. Bf3 Kd6 40. b4 axb4 41.
axb4 Ba4 42. Be2 Be8 43. Bd1 Bg6 44. Ba4 Bh5 45. Bb5 Bg6 46. Ba6 Be8 47. Ke2
Bh5+ 48. Kd3 Bg6 49. Bb5 Bh5 50. Ba4 Bg6 51. Bd1 Be8 52. Kd2 Bg6 53. Bf3 Be8 54.
Ke1 Ba4 55. Kf1 Bb3 56. Be2 Bc2 57. f3 Ba4 58. b5 Kc5 59. Kg2 Kd4 60. Kh3 Ke3
61. c5 bxc5 62. b6 Bc6 63. Bb5 Bb7 64. Kg4 Kf2 65. Bc4 Bc8 66. f4 gxf4 67. gxf4
Bb7 68. f5 exf5+ 69. exf5 1-0

[Event "9th Sunway Sitges 2022"]
[Site "Sitges ESP"]
[Date "2022.12.17"]
[Round "6.56"]
[White "Schneider, Jana"]
[Black "Carbonell Sancho, Marc"]
[Result "0-1"]
[WhiteTitle "FM"]
[BlackTitle "FM"]
[WhiteElo "2272"]
[BlackElo "2384"]
[WhiteFideId "12924997"]
[BlackFideId "32029969"]
[EventDate "2022.12.12"]

1. e4 c5 2. Nf3 d6 3. d4 cxd4 4. Nxd4 Nf6 5. Nc3 g6 6. Bc4 Bg7 7. O-O O-O 8. Bb3
Nc6 9. Re1 a6 10. h3 Bd7 11. Nf3 Rc8 12. Nd5 Na5 13. Bg5 Nc4 14. Bxc4 Rxc4 15.
Nxf6+ exf6 16. Bf4 Re8 17. Qxd6 Bc6 18. Qxd8 Rxd8 19. Rad1 Rxd1 20. Rxd1 Bf8 21.
Rd8 Kg7 22. c3 Rxe4 23. Bd6 Bxd6 24. Rxd6 Re2 25. Nd2 Re1+ 26. Kh2 Ra1 27. a3
Ra2 28. Nc4 Bb5 29. Rd4 Bxc4 30. Rxc4 Rxb2 31. Rc7 b5 32. Ra7 Rxf2 33. Rxa6 Rf5
34. Rc6 Rd5 35. Kg3 g5 36. Kf2 Rd2+ 37. Kg1 Ra2 38. Ra6 Kg6 39. Ra5 f5 40. Rxb5
Rxa3 41. Rc5 Ra2 42. Rc8 Rc2 43. Rg8+ Kf6 44. Rc8 h5 45. c4 g4 46. hxg4 fxg4 47.
g3 Kf5 48. Rc7 f6 49. Rc6 Ke5 50. c5 f5 51. Rh6 Rxc5 52. Rxh5 Ke4 53. Kg2 Ke3
54. Rg5 Rc2+ 55. Kg1 f4 56. Ra5 f3 57. Ra3+ Ke2 58. Ra1 Rd2 59. Kh2 Ke3+ 60. Kh1
Kf2 61. Kh2 Re2 62. Rb1 Re8 63. Rb2+ Re2 64. Rb1 Ke3+ 65. Kh1 Rd2 66. Ra1 Rb2
67. Rc1 Ra2 68. Rb1 Rg2 69. Rb3+ Kf2 70. Rb4 Rg1+ 71. Kh2 Rg2+ 72. Kh1 Rxg3 73.
Rb2+ Ke3 74. Rb3+ Kf4 75. Rb2 Rh3+ 76. Kg1 Rh8 77. Ra2 Re8 78. Rb2 Re1+ 79. Kf2
Re2+ 80. Rxe2 fxe2 81. Kxe2 Kg3 0-1

[Event "9th Sunway Sitges 2022"]
[Site "Sitges ESP"]
[Date "2022.12.17"]
[Round "6.57"]
[White "Song, Julien"]
[Black "Sai Agni Jeevitesh, J"]
[Result "0-1"]
[WhiteTitle "IM"]
[BlackTitle "IM"]
[WhiteElo "2369"]
[BlackElo "2226"]
[WhiteFideId "659487"]
[BlackFideId "5070147"]
[EventDate "2022.12.12"]

1. Nf3 d5 2. g3 Nc6 3. d4 Bf5 4. Bg2 Nb4 5. Na3 e6 6. O-O Nc6 7. c3 Bxa3 8. bxa3
Be4 9. a4 Nge7 10. Ba3 O-O 11. Nd2 Bxg2 12. Kxg2 Re8 13. Rb1 b6 14. e3 Nf5 15.
Qc2 Qg5 16. e4 dxe4 17. Nxe4 Qg6 18. Rfe1 e5 19. d5 Na5 20. Bb4 c6 21. Bxa5 cxd5
22. Rbd1 Nh4+ 23. Kf1 Nf3 24. Rxd5 Nxe1 25. Kxe1 bxa5 26. Rxa5 f5 27. Nd2 e4 28.
Nf1 Rab8 29. Rxa7 f4 30. gxf4 Qg1 31. Qc1 Re6 32. Ra5 e3 33. fxe3 Rb1 34. Ra8+
Kf7 35. Ra7+ Kf6 36. Qxb1 Rxe3+ 0-1

[Event "9th Sunway Sitges 2022"]
[Site "Sitges ESP"]
[Date "2022.12.17"]
[Round "6.58"]
[White "Kostov, Deyan Samuil"]
[Black "Mathieu, Phileas"]
[Result "0-1"]
[WhiteTitle "FM"]
[BlackTitle "FM"]
[WhiteElo "2260"]
[BlackElo "2367"]
[WhiteFideId "30909015"]
[BlackFideId "36048410"]
[EventDate "2022.12.12"]

1. c4 c5 2. Nf3 Nc6 3. Nc3 g6 4. e3 Nf6 5. d4 cxd4 6. exd4 d5 7. Bg5 Be6 8. Qb3
Na5 9. Qa3 Bg7 10. cxd5 Bxd5 11. Nxd5 Qxd5 12. Rc1 Nc6 13. Bc4 Qe4+ 14. Be3 O-O
15. O-O e6 16. h3 Rfd8 17. b4 a6 18. Qb3 h6 19. Rfe1 Qf5 20. Ne5 Nxe5 21. dxe5
Nd5 22. Bd3 Qh5 23. f4 Qh4 24. Qc4 Qg3 25. Bf2 Qxf4 26. Re4 Qd2 27. Be1 Qb2 28.
Re2 Qa3 29. Bb1 b5 30. Qc6 Nf4 31. Re4 Nd5 32. Rg4 Qe3+ 33. Bf2 Qxe5 34. Bxg6
fxg6 35. Bd4 Qf5 36. Bxg7 Rac8 37. Qxc8 Rxc8 38. Rxc8+ Kxg7 39. Ra8 Nf4 40. Ra7+
Kf6 41. Ra8 Ne2+ 42. Kh2 Qe5+ 43. g3 h5 44. Rf8+ Kg7 0-1

[Event "9th Sunway Sitges 2022"]
[Site "Sitges ESP"]
[Date "2022.12.17"]
[Round "6.59"]
[White "Injac, Teodora"]
[Black "Arjun, C Krishnamachari"]
[Result "1-0"]
[WhiteTitle "WGM"]
[WhiteElo "2365"]
[BlackElo "2241"]
[WhiteFideId "932400"]
[BlackFideId "46653252"]
[EventDate "2022.12.12"]

1. d4 Nf6 2. c4 g6 3. Nf3 Bg7 4. g3 O-O 5. Bg2 d5 6. cxd5 Nxd5 7. O-O Nc6 8. e4
Nb6 9. d5 Na5 10. Qe1 Nac4 11. Nc3 c6 12. b3 Ne5 13. Nxe5 Bxe5 14. Bh6 Bg7 15.
Bxg7 Kxg7 16. Qe3 cxd5 17. exd5 Qd6 18. Rfe1 e6 19. Nb5 Qd8 20. Rac1 Qf6 21. Nc7
Rb8 22. f4 Bd7 23. dxe6 Bxe6 24. Nxe6+ fxe6 25. Qxe6 Qxe6 26. Rxe6 Rf7 27. Rd6
Rc8 28. Rxc8 Nxc8 29. Rd8 Nb6 30. Rb8 Rc7 31. Rxb7 Rxb7 32. Bxb7 Kf6 33. Kf2 g5
34. Ke3 Nd7 35. b4 gxf4+ 36. gxf4 Ke7 37. Kd4 Kd6 38. a4 Nf6 39. Bf3 Ne8 40. Be2
Nf6 41. Bc4 Kc7 42. Ke5 Ng4+ 43. Ke6 Nxh2 44. Be2 Kd8 45. f5 h5 46. Bxh5 Nf1 47.
f6 1-0

[Event "9th Sunway Sitges 2022"]
[Site "Sitges ESP"]
[Date "2022.12.17"]
[Round "6.60"]
[White "Nandhidhaa, P V"]
[Black "Dahale, Atul"]
[Result "1-0"]
[WhiteTitle "WGM"]
[BlackTitle "CM"]
[WhiteElo "2358"]
[BlackElo "2222"]
[WhiteFideId "5050847"]
[BlackFideId "5037794"]
[EventDate "2022.12.12"]

1. e4 e5 2. Nf3 Nc6 3. Bb5 a6 4. Ba4 Nf6 5. d3 b5 6. Bb3 Be7 7. O-O O-O 8. Re1
d6 9. c3 Bg4 10. h3 Bh5 11. Nbd2 Na5 12. Bc2 c5 13. Nf1 Nc6 14. Ng3 Bg6 15. Nh4
h6 16. Nhf5 Nh7 17. Qg4 Bg5 18. Bxg5 hxg5 19. Bb3 Bxf5 20. Nxf5 g6 21. Ne3 Kg7
22. Bd5 Rc8 23. Bxc6 Rxc6 24. Nd5 Qc8 25. Qg3 Qe6 26. a4 Rb8 27. axb5 Rxb5 28.
Ra2 Nf6 29. Qxg5 c4 30. dxc4 Rxc4 31. Qxf6+ Qxf6 32. Nxf6 Kxf6 33. Rxa6 Rxb2 34.
Rxd6+ Ke7 35. Rd3 Rc2 36. Ree3 Ke6 37. h4 f5 38. exf5+ gxf5 39. h5 f4 40. Rh3 e4
41. Rd4 R4xc3 42. Rxe4+ Kf5 43. Rxc3 Rxc3 44. Ra4 Rc6 45. Ra5+ Kg4 46. f3+ Kh4
47. Rf5 Ra6 48. Rxf4+ Kxh5 49. Kh2 Kg5 50. Rb4 Ra2 51. Kh3 Ra1 52. f4+ Kf5 53.
g4+ Kg6 54. Rb6+ Kf7 55. Kh4 Ra4 56. Kg5 Rc4 57. f5 Ra4 58. Rb7+ Kf8 59. Kh5 Rf4
60. Rb5 Kg7 61. g5 Ra4 62. Rb6 Kg8 63. Kg6 1-0

[Event "9th Sunway Sitges 2022"]
[Site "Sitges ESP"]
[Date "2022.12.17"]
[Round "6.61"]
[White "Fitzsimons, David"]
[Black "Nurgaliyev, Sauat"]
[Result "0-1"]
[WhiteTitle "IM"]
[BlackTitle "CM"]
[WhiteElo "2352"]
[BlackElo "2150"]
[WhiteFideId "2501961"]
[BlackFideId "13726285"]
[EventDate "2022.12.12"]

1. e4 c5 2. Nf3 d6 3. d4 cxd4 4. Qxd4 Nc6 5. Qe3 Nf6 6. Nc3 g6 7. Be2 Bg7 8. h3
Nb4 9. Qd2 O-O 10. O-O b6 11. Rd1 Bb7 12. a3 Nc6 13. Qf4 Qc7 14. Qh4 Na5 15. Bh6
Nc4 16. Nd5 Bxd5 17. exd5 Nxb2 18. Rd4 Qc3 19. Bd2 Qxc2 20. Ne1 Qf5 21. Bc3 g5
22. Qg3 Ne4 23. Rxe4 Qxe4 24. Bxg7 Kxg7 25. Qxg5+ Kh8 26. Qd2 Nc4 27. Qc3+ Qe5
28. Rc1 Qxc3 29. Rxc3 Ne5 30. Ba6 e6 31. f4 Nd7 32. Bb7 Rab8 33. Rc7 Nc5 34. Bc6
a5 35. Nf3 Rbc8 36. Re7 exd5 37. Bxd5 Rce8 38. Ra7 Rd8 39. Bc6 Kg7 40. g4 Ne6
41. f5 Nf4 42. Kh2 Rc8 43. Nd4 Kf6 44. Bb5 Rc3 45. Bf1 Ke5 46. Nb5 Rc1 47. Kg1
Nxh3+ 48. Kg2 Nf4+ 49. Kf2 Rfc8 50. Re7+ Kf6 51. Re4 R8c2+ 52. Kg3 Rxf1 53. Rxf4
Rxf4 54. Kxf4 Rc4+ 0-1

[Event "9th Sunway Sitges 2022"]
[Site "Sitges ESP"]
[Date "2022.12.17"]
[Round "6.62"]
[White "Ryan, Joseph"]
[Black "Akbas, Umut Ata"]
[Result "0-1"]
[WhiteTitle "FM"]
[BlackTitle "FM"]
[WhiteElo "2249"]
[BlackElo "2351"]
[WhiteFideId "2500426"]
[BlackFideId "44572646"]
[EventDate "2022.12.12"]

1. e4 c5 2. Nf3 d6 3. Bb5+ Nd7 4. a4 a6 5. Be2 Ngf6 6. Nc3 e5 7. Bc4 Be7 8. d3
h6 9. h3 O-O 10. a5 Nb8 11. Bd2 Nc6 12. Nd5 Nxd5 13. Bxd5 Be6 14. c4 Qd7 15. g4
Bd8 16. Bc3 Rb8 17. Qd2 Ne7 18. Qc1 Ng6 19. Bd2 b5 20. axb6 Rxb6 21. Ra2 Be7 22.
Nh2 Bg5 23. Nf1 Bxd2+ 24. Nxd2 Nh4 25. Qc2 Bxg4 26. hxg4 Qxg4 27. Nf1 Rfb8 28.
Ng3 Rxb2 29. Rxb2 Rxb2 30. Qc3 Ng2+ 31. Kf1 Ne3+ 0-1

[Event "9th Sunway Sitges 2022"]
[Site "Sitges ESP"]
[Date "2022.12.17"]
[Round "6.63"]
[White "Rakshitta, Ravi"]
[Black "Divya, Deshmukh"]
[Result "1/2-1/2"]
[WhiteTitle "WIM"]
[BlackTitle "WGM"]
[WhiteElo "2242"]
[BlackElo "2347"]
[WhiteFideId "25073230"]
[BlackFideId "35006916"]
[EventDate "2022.12.12"]

1. Nf3 d5 2. g3 g6 3. Bg2 Bg7 4. d4 Nf6 5. O-O O-O 6. c4 c6 7. cxd5 cxd5 8. Nc3
Nc6 9. Ne5 Bf5 10. Bf4 Rc8 11. Rc1 h6 12. Qa4 g5 13. Nxc6 bxc6 14. Be5 Qb6 15.
Qa3 Nd7 16. Bxg7 Kxg7 17. Rfd1 e5 18. e4 dxe4 19. Bxe4 Bg4 20. f3 Be6 21. Na4
Qb5 22. Nc5 Nxc5 23. Qxc5 Qxc5 24. Rxc5 exd4 25. Rxd4 Bxa2 26. Ra4 Bd5 27. Rxa7
Rb8 28. Bxd5 cxd5 29. Rxd5 Rxb2 30. Rad7 Re8 31. Rd2 Re1+ 32. Kg2 Rbb1 33. Rc7
Rg1+ 34. Kh3 Rgf1 35. Kg2 Rh1 36. f4 Kg6 37. fxg5 hxg5 38. Rc6+ f6 1/2-1/2

[Event "9th Sunway Sitges 2022"]
[Site "Sitges ESP"]
[Date "2022.12.17"]
[Round "6.64"]
[White "Lye, Lik Zang"]
[Black "Alexiadis, Hristos"]
[Result "0-1"]
[WhiteTitle "FM"]
[BlackTitle "FM"]
[WhiteElo "2241"]
[BlackElo "2342"]
[WhiteFideId "5712181"]
[BlackFideId "4249623"]
[EventDate "2022.12.12"]

1. d4 Nf6 2. c4 e6 3. Nc3 Bb4 4. f3 O-O 5. a3 Bxc3+ 6. bxc3 Nh5 7. Nh3 f5 8. e4
fxe4 9. Bg5 Nf6 10. fxe4 d6 11. Qd3 e5 12. Be2 Qe8 13. O-O Bxh3 14. Qxh3 Nbd7
15. Bd3 Qg6 16. Rf5 Rae8 17. Raf1 h6 18. Bh4 Kh7 19. Be2 Kg8 20. Bd3 c5 21. R1f3
Kh8 22. Rg3 Qh7 23. Bxf6 Nxf6 24. Rgf3 Qg6 25. Rg3 Qf7 26. d5 Qe7 27. Rg6 Kh7
28. Rg3 g6 29. Rf2 Nh5 30. Rgf3 Nf4 31. Qg3 Rf7 32. h4 Ref8 33. Bf1 Kg7 34. Qg4
Nh5 35. Rxf7+ Rxf7 36. g3 Rxf2 37. Kxf2 Nf6 38. Qe2 Qf7 39. Kg1 Qd7 40. Kh2 Qa4
41. g4 g5 42. hxg5 hxg5 43. Kg1 Qxa3 44. Qe3 Kg6 45. Qf3 Qc1 46. Qf5+ Kg7 47.
Qe6 Qe3+ 48. Kh1 Qf3+ 49. Bg2 Qd1+ 50. Kh2 Qxg4 51. Qe7+ Kg6 52. Qxd6 Qf4+ 53.
Kh1 g4 54. Qxc5 g3 55. Kg1 b6 0-1

[Event "9th Sunway Sitges 2022"]
[Site "Sitges ESP"]
[Date "2022.12.17"]
[Round "6.65"]
[White "Dalaud, Dorian"]
[Black "Kushal O"]
[Result "1-0"]
[WhiteTitle "FM"]
[WhiteElo "2342"]
[BlackElo "1801"]
[WhiteFideId "36093270"]
[BlackFideId "25652753"]
[EventDate "2022.12.12"]

1. e4 c5 2. Nf3 d6 3. d4 cxd4 4. Nxd4 Nf6 5. Nc3 a6 6. Rg1 e5 7. Nb3 Be6 8. g4
d5 9. exd5 Nxd5 10. Nxd5 Qxd5 11. Qxd5 Bxd5 12. Be3 Nc6 13. O-O-O O-O-O 14. Bb6
Rd6 15. Rg3 Be6 16. Rxd6 Bxd6 17. Nc5 Bxc5 18. Bxc5 Kc7 19. h3 Rd8 20. Rc3 Kb8
21. a4 g6 22. b4 f5 23. b5 axb5 24. axb5 Nd4 25. Be7 Rd5 26. Bc4 Rd7 27. Bf6
Bxc4 28. Bxe5+ Ka7 29. Rxc4 Nxb5 30. gxf5 gxf5 31. Rf4 Rf7 32. Kb2 Kb6 33. Kb3
Kc5 34. c4 Nd6 35. Rd4 Ne4 36. f3 Ng5 37. Rd5+ Kb6 38. Rd6+ Kc5 39. Rd5+ Kb6 40.
f4 Ne4 41. Kb4 Kc6 42. Rd8 b6 43. h4 Nc5 44. Rd6+ Kb7 45. Kb5 Nd7 46. Bd4 Kc7
47. Re6 Nb8 48. Be5+ Kd7 49. Rxb6 1-0

[Event "9th Sunway Sitges 2022"]
[Site "Sitges ESP"]
[Date "2022.12.17"]
[Round "6.66"]
[White "Krastev, Alexander"]
[Black "Jeet, Jain"]
[Result "1/2-1/2"]
[WhiteTitle "IM"]
[BlackTitle "FM"]
[WhiteElo "2416"]
[BlackElo "2141"]
[WhiteFideId "12989983"]
[BlackFideId "5073022"]
[EventDate "2022.12.12"]

1. e4 c5 2. Nf3 d6 3. Bb5+ Bd7 4. c4 Nf6 5. Nc3 g6 6. O-O Bg7 7. d4 cxd4 8. Nxd4
O-O 9. Bxd7 Nbxd7 10. b3 a6 11. Bb2 Re8 12. Re1 Qa5 13. Nd5 Rac8 14. Bc3 Qd8 15.
Qd2 e6 16. Nxf6+ Nxf6 17. Nf3 b5 18. Rac1 bxc4 19. bxc4 e5 20. Qd3 Rc6 21. Bd2
Qc7 22. Be3 Ng4 23. Nd2 Nxe3 24. Qxe3 h5 25. Rc2 Kh7 26. Qd3 Rc8 27. Rb1 Bh6 28.
Rb4 a5 29. Ra4 Bxd2 30. Qxd2 Rc5 31. Rc3 Rb8 32. Rb3 Rc8 33. Rc3 Qc6 34. Qc2 Rd8
35. h3 1/2-1/2

[Event "9th Sunway Sitges 2022"]
[Site "Sitges ESP"]
[Date "2022.12.17"]
[Round "6.67"]
[White "Levi, Netanel"]
[Black "Erdogmus, Yagiz Kaan"]
[Result "0-1"]
[BlackTitle "IM"]
[WhiteElo "2179"]
[BlackElo "2453"]
[WhiteFideId "2815400"]
[BlackFideId "44599790"]
[EventDate "2022.12.12"]

1. e4 c5 2. Nf3 d6 3. Bb5+ Nd7 4. O-O a6 5. Bd3 Ngf6 6. c3 b5 7. a4 c4 8. Be2
Bb7 9. axb5 axb5 10. Rxa8 Bxa8 11. Na3 Bxe4 12. Nxb5 Bxf3 13. gxf3 d5 14. d3
cxd3 15. Bxd3 e5 16. b4 Be7 17. Be3 O-O 18. Na7 Qc7 19. Nb5 Qc6 20. Qe2 e4 21.
fxe4 dxe4 22. Bc2 Ne5 23. Rd1 Nf3+ 24. Kh1 Ng4 25. h3 Qe6 26. Bf4 Bh4 27. Rf1
Nxf2+ 28. Rxf2 Bxf2 29. Qxf2 Qxh3+ 30. Bh2 Nxh2 31. Qxh2 Qf1+ 32. Qg1 Qxb5 33.
Bxe4 Re8 34. Bf3 Qd3 35. Qf2 Qxc3 36. b5 Qc1+ 37. Kh2 Qh6+ 38. Kg2 Qg5+ 0-1

[Event "9th Sunway Sitges 2022"]
[Site "Sitges ESP"]
[Date "2022.12.17"]
[Round "6.68"]
[White "Wong, Zhenyong Jayden"]
[Black "Narciso Dublan, Marc"]
[Result "1/2-1/2"]
[WhiteTitle "CM"]
[BlackTitle "GM"]
[WhiteElo "2181"]
[BlackElo "2448"]
[WhiteFideId "5821975"]
[BlackFideId "2201500"]
[EventDate "2022.12.12"]

1. d4 e6 2. c4 c5 3. Nf3 cxd4 4. Nxd4 Nf6 5. g3 d5 6. Bg2 e5 7. Nf3 d4 8. O-O
Nc6 9. e3 Be7 10. exd4 exd4 11. Bf4 Be6 12. Nbd2 O-O 13. Re1 Rc8 14. a3 Nh5 15.
Be5 Nf6 16. Bf4 Nh5 17. Be5 Nf6 18. Bf4 1/2-1/2

[Event "9th Sunway Sitges 2022"]
[Site "Sitges ESP"]
[Date "2022.12.17"]
[Round "6.69"]
[White "Perkampus, Laurin"]
[Black "Wagh, Suyog"]
[Result "0-1"]
[BlackTitle "FM"]
[WhiteElo "2168"]
[BlackElo "2376"]
[WhiteFideId "16232283"]
[BlackFideId "25071688"]
[EventDate "2022.12.12"]

1. d4 Nf6 2. c4 e6 3. Nc3 Bb4 4. Qc2 c5 5. dxc5 Qc7 6. a3 Bxc5 7. Nf3 a6 8. Bg5
Be7 9. e3 d6 10. Be2 b6 11. h3 Bb7 12. O-O Nbd7 13. Rfd1 O-O 14. Rac1 Rac8 15.
Qb1 Qb8 16. b3 Rfd8 17. Bf4 Nf8 18. Rd2 Qa8 19. Qb2 Ng6 20. Bh2 Bc6 21. Rcd1 d5
22. Nd4 Bb7 23. cxd5 Nxd5 24. Nxd5 Bxd5 25. Bf3 Nh4 26. Bxd5 Rxd5 27. e4 Rdc5
28. Qb1 h6 29. Bg3 Bg5 30. f4 Be7 31. Kh2 Rc3 32. Bxh4 Bxh4 33. Nf3 Be7 34. a4
Bc5 35. Rd3 0-1

[Event "9th Sunway Sitges 2022"]
[Site "Sitges ESP"]
[Date "2022.12.17"]
[Round "6.70"]
[White "Nawin, J J"]
[Black "Fanninger, Leon"]
[Result "1-0"]
[WhiteTitle "FM"]
[WhiteElo "2351"]
[BlackElo "2136"]
[WhiteFideId "45031231"]
[BlackFideId "1649400"]
[EventDate "2022.12.12"]

1. e4 d6 2. d4 Nf6 3. Nc3 g6 4. f4 Bg7 5. Nf3 O-O 6. Bd3 Nc6 7. e5 dxe5 8. dxe5
Nd5 9. Nxd5 Qxd5 10. Qe2 Bg4 11. Be4 Qa5+ 12. Bd2 Qb6 13. O-O-O Nd4 14. Qe3 Rad8
15. Qa3 Bh6 16. Kb1 Bf5 17. Bxf5 Nxf5 18. g4 Nd4 19. Nxd4 Qxd4 20. g5 Bg7 21.
Qxe7 Rd7 22. Qb4 Rfd8 23. Qxd4 Rxd4 24. Kc1 Re4 25. Rhe1 Ra4 26. Be3 Rxd1+ 27.
Rxd1 h6 28. h4 Rxa2 29. Rd8+ Kh7 30. Rd7 Ra1+ 31. Kd2 Kg8 32. Rxc7 Rh1 33. gxh6
Bxh6 34. Rxb7 Rxh4 35. Rb4 Kg7 36. c3 a5 37. Rd4 Rh2+ 38. Kc1 Rg2 39. c4 g5 40.
fxg5 Bxg5 41. Bxg5 Rxg5 42. Rd5 Rg4 43. Rc5 a4 44. Kb1 Rg3 45. Ka2 Kf8 46. Ra5
Re3 47. Rxa4 Rxe5 48. b4 f6 49. b5 Ke7 50. Kb3 Kd7 51. Ra7+ Kc8 52. Rf7 Re6 53.
Kb4 Kb8 54. Ka5 1-0

[Event "9th Sunway Sitges 2022"]
[Site "Sitges ESP"]
[Date "2022.12.17"]
[Round "6.71"]
[White "Hryzlova, Sofiia"]
[Black "Krasteva, Beloslava"]
[Result "0-1"]
[WhiteTitle "WIM"]
[BlackTitle "FM"]
[WhiteElo "2157"]
[BlackElo "2350"]
[WhiteFideId "14174669"]
[BlackFideId "2922029"]
[EventDate "2022.12.12"]

1. d4 Nf6 2. c4 e6 3. Nc3 Bb4 4. Qc2 c5 5. dxc5 O-O 6. Nf3 Na6 7. g3 Nxc5 8. Bg2
Nce4 9. O-O Bxc3 10. bxc3 d5 11. cxd5 exd5 12. Nd4 Bd7 13. Ba3 Re8 14. f3 Ng5
15. Rab1 Qc7 16. Qd2 Ne6 17. Nf5 Bc6 18. Bd6 Qd8 19. Be5 Nd7 20. Bd4 Nxd4 21.
cxd4 Nb6 22. Rfe1 Nc4 23. Qf4 Qf6 24. e4 Bd7 25. Ne3 Qxd4 26. Rxb7 Rad8 27. Bf1
Nd2 28. Bg2 dxe4 29. fxe4 Be6 30. Kh1 Qc3 31. Qf2 Nc4 32. Nxc4 Bxc4 33. Reb1 a5
34. Rc7 Qd3 35. Re1 Be6 36. Bh3 Rd7 37. Bf1 Qd6 38. Rc2 Rc7 39. Rd2 Qb4 40. Bg2
h6 41. Rb2 Qa3 42. e5 Rc5 43. Rbe2 Rec8 44. Bb7 R8c7 45. Be4 Rc1 46. Kg2 Rxe1
47. Qxe1 Rc8 48. Qd2 Qa4 49. Bf3 Qb5 50. Qd4 Qc4 51. Qb2 Bf5 52. Qd2 Bd3 53. Rf2
a4 54. Qe3 Re8 55. Rd2 Bf5 56. Bd5 Qc7 57. Re2 Bg4 58. Bf3 Be6 59. Qd4 a3 60.
Qa4 Qe7 61. Qa5 Rc8 62. Qa6 Qc5 63. Qd3 Bc4 64. Qf5 Bxe2 65. Bxe2 Qc2 66. Qg4 h5
67. Qxh5 Qxa2 68. Kh3 g6 69. Qf3 Qe6+ 0-1

[Event "9th Sunway Sitges 2022"]
[Site "Sitges ESP"]
[Date "2022.12.17"]
[Round "6.72"]
[White "Meister, Peter"]
[Black "Van Kessel, Wessel"]
[Result "1/2-1/2"]
[WhiteTitle "IM"]
[WhiteElo "2347"]
[BlackElo "2145"]
[WhiteFideId "4600207"]
[BlackFideId "233404"]
[EventDate "2022.12.12"]

1. d4 Nf6 2. c4 e6 3. Nf3 Bb4+ 4. Bd2 a5 5. a3 Bxd2+ 6. Qxd2 O-O 7. Nc3 d6 8. g3
Nbd7 9. Bg2 e5 10. b3 c6 11. O-O e4 12. Ng5 d5 13. cxd5 cxd5 14. f3 h6 15. Nh3
Re8 16. fxe4 Nxe4 17. Nxe4 dxe4 18. e3 Nf6 19. Nf2 Qd5 20. b4 Bd7 21. Rfc1 axb4
22. axb4 Rxa1 23. Rxa1 Qb3 24. Qe1 Bc6 25. Rb1 Qa2 26. Ra1 Qb3 27. Rb1 Qa2 28.
Ra1 Qb3 29. Rb1 1/2-1/2